| 000 | 01053nam a2200289 4500 | ||
|---|---|---|---|
| 001 | 147967 | ||
| 003 | ES-MaACL | ||
| 005 | 20250728110243.0 | ||
| 007 | t| | ||
| 008 | 070214s1966 sp r ||||1| spa d | ||
| 080 | _a21(02)"16" | ||
| 080 | _a211.5(02)"16" | ||
| 080 | _a321.01(02)"16" | ||
| 100 | 1 |
_aSpinoza, Benedictus de _9107750 |
|
| 245 | 1 | 0 |
_aTratado teológico-político : _b(selección) ; Tratado político / _cBenedictus de Spinoza ; introducción y traducción de Enrique Tierno Galván. |
| 246 | 3 | _aTratado político | |
| 260 |
_aMadrid : _bTecnos, _c1966. |
||
| 300 |
_aXXXI, 262 p. ; _c24 cm. |
||
| 490 | 1 | _aRes pública. Clásicos del pensamiento político y social | |
| 650 | 7 |
_aReligión y filosofía _2embne _916811 |
|
| 650 | 4 |
_aLibrepensamiento. _914423 |
|
| 650 | 4 |
_aPolítica- _xFilosofía- _yS.XVII. _916278 |
|
| 700 | 1 |
_aTierno Galván, Enrique, _d1918-1986 _9110235 |
|
| 830 | 1 |
_aRes pública. Clásicos del pensamiento político y social _9176629 |
|
| 852 | 4 |
_aES-MaACL _jC-29056 |
|
| 999 |
_c147967 _d147967 |
||